Plaisirs de châteaux et de grandes maisons: embellissement du logis

Kaydedildi:
Detaylı Bibliyografya
Yazar: Staffe, Baronne (Yazar)
Materyal Türü: Kitap
Dil:Fransızca
Baskı/Yayın Bilgisi: París Ernest Flammarion 1920
Konular:
Etiketler: Etiketle
Etiket eklenmemiş, İlk siz ekleyin!

MARC

LEADER 00000nam a2200000 a 4500
001 UCP9855
003 CL-VaPUC
008 000407e19200000FR |||||||||||||||||fre|d
082 0 4 |a 747.7  |b STA  |2 21 
100 0 |a Staffe, Baronne  |e author  |9 440734 
245 1 0 |a Plaisirs de châteaux et de grandes maisons: embellissement du logis 
300 |a 330 p 
942 |c BK 
945 |d 20000407 00:00:00  |a crobeson 
260 |a París  |b Ernest Flammarion  |c 1920 
650 0 |a decoración de interiores   |9 263422 
650 0 |a Artes decorativas  |9 266306 
650 7 |a ORNAMENTACION  |2 CL-VaPUC  |9 440735 
583 |a last modification  |c 20000407 00:00:00  |k Rodrigo Vera 
999 |c 286636  |d 286634 
952 |0 0  |1 0  |4 0  |6 747_700000000000000_STA_1920  |7 0  |8 X  |9 332676  |a BIBHIS  |b BIBHIS  |d 2019-11-20  |i 1398717  |o 747.7 STA 1920  |p 1398717  |r 2024-01-30  |w 2019-11-20  |y BK_X  |k HIS